[Event "Hastings Masters"]
[Site "Hastings"]
[Date "2008.01.05"]
[Round "9.10"]
[White "Georgiev, Vladimir"]
[Black "Eames, Robert"]
[Result "0-1"]
[WhiteElo "2576"]
[BlackElo "2304"]
[PlyCount "70"]
[EventDate "2007.12.28"]
[SourceDate "2007.12.28"]

1. d4 Nf6 2. c4 e6 3. Nc3 Bb4 4. Bg5 c5 5. d5 d6 6. Nf3 exd5 7. cxd5 Nbd7 8. e4
h6 9. Bxf6 Qxf6 10. Qc2 O-O 11. Be2 Ne5 12. O-O Ng6 13. Nd2 Nf4 14. Bf3 Bd7 15.
g3 Nh3+ 16. Kh1 b5 17. Bg2 g5 18. Rae1 Rae8 19. f3 c4 20. Nd1 Qd4 21. Re2 g4
22. Bxh3 gxh3 23. g4 f5 24. gxf5 Rxf5 25. Nf2 Rg5 26. f4 Rg2 27. Nf3 Qg7 28.
Nh4 Bc5 29. f5 Qg5 30. f6 Rf8 31. Nxh3 Rxe2 32. Nxg5 Rxc2 33. f7+ Rxf7 34. Nxf7
Bh3 35. Nxh6+ Kg7 0-1

[Event "Hastings Masters"]
[Site "Hastings"]
[Date "2008.01.05"]
[Round "9.11"]
[White "Dinger, Florian"]
[Black "Hebden, Mark"]
[Result "0-1"]
[WhiteElo "2378"]
[BlackElo "2542"]
[PlyCount "126"]
[EventDate "2007.12.28"]
[SourceDate "2007.12.28"]

1. e4 e5 2. Nf3 Nc6 3. Bb5 a6 4. Bxc6 dxc6 5. O-O Bd6 6. d4 exd4 7. Qxd4 f6 8.
Be3 Ne7 9. Nbd2 Be6 10. Qc3 Ng6 11. Nd4 Qd7 12. Nxe6 Qxe6 13. Qc4 Qe7 14. f4
O-O-O 15. Rad1 Rhe8 16. c3 Nh8 17. b4 Qe6 18. Qxe6+ Rxe6 19. Kf2 Nf7 20. Rfe1
Bf8 21. Kf3 g5 22. g3 h5 23. h3 Rde8 24. Bc5 Bxc5 25. bxc5 Nh6 26. Re3 h4 27.
gxh4 gxf4 28. Kxf4 Re5 29. Rg1 Nf5 30. Nf3 Nxe3 31. Nxe5 Rxe5 32. Kxe3 Rxc5 33.
Kd4 Rh5 34. Rg8+ Kd7 35. Rg7+ Kd6 36. Rf7 c5+ 37. Ke3 Rh6 38. a4 b5 39. axb5
axb5 40. Kd3 c4+ 41. Ke3 c6 42. Kd4 c5+ 43. Ke3 Kc6 44. Rf8 Kb7 45. Rf7+ Ka6
46. Rf8 Rg6 47. Rc8 Rg3+ 48. Kd2 Kb6 49. Rb8+ Kc6 50. Rc8+ Kd6 51. Rb8 Rd3+ 52.
Kc2 Rxh3 53. Rb6+ Ke7 54. Rb7+ Ke6 55. Rb6+ Kd7 56. Rxf6 b4 57. cxb4 cxb4 58.
Rb6 b3+ 59. Kb2 Rxh4 60. e5 Kc7 61. Rb4 Kc6 62. e6 Kc5 63. Rb8 Rh2+ 0-1

[Event "Hastings Masters"]
[Site "Hastings"]
[Date "2008.01.05"]
[Round "9.12"]
[White "Bindrich, Falko"]
[Black "Furman, Boris"]
[Result "1-0"]
[WhiteElo "2512"]
[BlackElo "2264"]
[PlyCount "83"]
[EventDate "2007.12.28"]
[SourceDate "2007.12.28"]

1. d4 Nf6 2. c4 e6 3. Nf3 d5 4. Nc3 Bb4 5. cxd5 exd5 6. Bg5 h6 7. Bh4 g5 8. Bg3
Ne4 9. Nd2 Nxg3 10. hxg3 c6 11. Qb3 Qe7 12. a3 Bd6 13. O-O-O Be6 14. e4 dxe4
15. Bc4 e3 16. fxe3 Na6 17. e4 O-O-O 18. e5 Bc7 19. Nde4 Kb8 20. Rhf1 Bxc4 21.
Qxc4 Qe6 22. Qa4 Rd7 23. Rf6 Qe7 24. Qc4 c5 25. Nd5 Qd8 26. dxc5 Bxe5 27. Rxa6
bxa6 28. c6 Qc8 29. Nc5 Qxc6 30. Nxa6+ Kb7 31. Qxc6+ Kxc6 32. Ndb4+ Kb6 33.
Rxd7 f5 34. Rd5 Re8 35. a4 Kb7 36. Rd7+ Kb6 37. Rd5 Kb7 38. Nc5+ Kc7 39. a5
Bxg3 40. Rd7+ Kc8 41. Nc6 Bb8 42. Ne7+ 1-0

[Event "Hastings Masters"]
[Site "Hastings"]
[Date "2008.01.05"]
[Round "9.14"]
[White "Rayner, Francis"]
[Black "Tahirov, Farhad"]
[Result "0-1"]
[WhiteElo "2201"]
[BlackElo "2540"]
[PlyCount "66"]
[EventDate "2007.12.28"]
[SourceDate "2007.12.28"]

1. e4 d6 2. d4 Nf6 3. Nc3 g6 4. f4 Bg7 5. Nf3 c5 6. Bb5+ Bd7 7. e5 Ng4 8. e6
Bxb5 9. exf7+ Kd7 10. Nxb5 Qa5+ 11. Nc3 cxd4 12. Nxd4 h5 13. h3 Nc6 14. Nde2
Nh6 15. Qd3 Nb4 16. Qe4 Nc6 17. Qxg6 Nf5 18. Bd2 Rh6 19. Qg5 Bf6 20. Qg8 Rh8
21. f8=N+ Rxf8 22. Qb3 Bh4+ 23. Kd1 Qa6 24. Ne4 Rhg8 25. Qd5 Qb6 26. Ng5 Bxg5
27. fxg5 Ne3+ 28. Bxe3 Qxe3 29. h4 Rf2 30. Re1 Rgf8 31. Qd2 Qe4 32. g3 R8f5 33.
Qc3 Rd5+ 0-1

[Event "Hastings Masters"]
[Site "Hastings"]
[Date "2008.01.05"]
[Round "9.15"]
[White "Sengupta, Deep"]
[Black "Heinis, Vincent"]
[Result "1-0"]
[WhiteElo "2447"]
[BlackElo "2202"]
[PlyCount "37"]
[EventDate "2007.12.28"]
[SourceDate "2007.12.28"]

1. d4 Nf6 2. Nf3 g6 3. Nbd2 d5 4. e3 Bg7 5. b4 O-O 6. Bb2 a5 7. b5 c5 8. c4
Nbd7 9. Rc1 cxd4 10. Bxd4 e5 11. Nxe5 Nxe5 12. Bxe5 Re8 13. Nf3 Bg4 14. Bd4 Bf8
15. c5 b6 16. Be2 bxc5 17. Bxc5 Bxc5 18. Rxc5 Qd6 19. Qd4 $138 1-0

[Event "Hastings Masters"]
[Site "Hastings"]
[Date "2008.01.05"]
[Round "9.16"]
[White "Houska, Jovanka"]
[Black "Gurbanzade, Erkin"]
[Result "1-0"]
[WhiteElo "2404"]
[BlackElo "2179"]
[PlyCount "97"]
[EventDate "2007.12.28"]
[SourceDate "2007.12.28"]

1. d4 Nf6 2. Nf3 g6 3. c4 Bg7 4. g3 O-O 5. Bg2 d6 6. O-O Nbd7 7. Nc3 e5 8. e3
Nh5 9. b3 h6 10. a4 f5 11. dxe5 dxe5 12. Ba3 e4 13. Nd4 Re8 14. Ra2 c6 15. Rd2
Qc7 16. Qc2 Ne5 17. Rfd1 Qf7 18. Bd6 Nf6 19. a5 Nfd7 20. Na4 Nd3 21. Bf1 N7e5
22. h3 g5 23. f4 gxf4 24. gxf4 Qg6+ 25. Rg2 Qxd6 26. fxe5 Qxe5 27. Bxd3 exd3
28. Rxd3 Be6 29. a6 Rab8 30. axb7 Rxb7 31. Nxc6 Qf6 32. Nc5 Rc7 33. Nxe6 Qxe6
34. Nd4 Qe5 35. Nb5 Rce7 36. Nc3 Kh8 37. Nd5 Rf7 38. Nf4 Qe4 39. Qd1 Be5 40.
Qh5 Bxf4 41. Qxf7 Bxe3+ 42. Kh1 Bg5 43. Rd1 f4 44. Rd7 Rg8 45. Qd5 Qe3 46. Qd3
Qxd3 47. Rxd3 Re8 48. Ra2 Re7 49. Kg2 1-0

[Event "Hastings Masters"]
[Site "Hastings"]
[Date "2008.01.05"]
[Round "9.17"]
[White "Rendle, Thomas"]
[Black "Zhou, Yang-Fan"]
[Result "1/2-1/2"]
[WhiteElo "2397"]
[BlackElo "2068"]
[PlyCount "92"]
[EventDate "2007.12.28"]
[SourceDate "2007.12.28"]

1. e4 c5 2. Nf3 d6 3. c3 Nf6 4. Be2 Nc6 5. d4 cxd4 6. cxd4 Nxe4 7. d5 Qa5+ 8.
Nc3 Nxc3 9. bxc3 Ne5 10. Nxe5 dxe5 11. Qb3 Qc7 12. O-O g6 13. Bb5+ Bd7 14. Rb1
b6 15. Bc4 Rc8 16. Ba6 Rb8 17. Ba3 Bg7 18. c4 Bf5 19. Bb5+ Bd7 20. Ba6 Bf5 21.
Bb5+ Bd7 22. Rfd1 Bxb5 23. Qxb5+ Qd7 24. c5 Qxb5 25. Rxb5 O-O 26. cxb6 Rb7 27.
Rdb1 Ra8 28. bxa7 Rxb5 29. Rxb5 Rxa7 30. Rb3 Bf6 31. f3 Kf8 32. Kf1 Ra5 33. Rd3
Ke8 34. Ke2 Bg5 35. Kd1 Ra4 36. h3 f5 37. Kc2 e4 38. fxe4 fxe4 39. Rc3 Rd4 40.
Bc1 Rxd5 41. Bxg5 {(=)} Rxg5 42. g4 h5 43. gxh5 gxh5 44. a4 Kd7 45. Rc4 Rg3 46.
Rxe4 Kc6 1/2-1/2

[Event "Hastings Masters"]
[Site "Hastings"]
[Date "2008.01.05"]
[Round "9.18"]
[White "Islam, Kh Aminul"]
[Black "Sugden, John N"]
[Result "1-0"]
[WhiteElo "2390"]
[BlackElo "2116"]
[PlyCount "141"]
[EventDate "2007.12.28"]
[SourceDate "2007.12.28"]

1. d4 Nf6 2. c4 c5 3. d5 e5 4. Nc3 d6 5. e4 Be7 6. Nf3 O-O 7. Be2 Ne8 8. h4 a6
9. a3 Bg4 10. h5 Nd7 11. Ng1 Bxe2 12. Ngxe2 Bg5 13. Ng3 Rb8 14. a4 g6 15. Qg4
Bxc1 16. Rxc1 Ng7 17. hxg6 fxg6 18. Qh4 Qxh4 19. Rxh4 Ne8 20. Nf1 Nc7 21. a5 b6
22. axb6 Rxb6 23. Rc2 Rfb8 24. Nd1 Nf6 25. Nd2 Nh5 26. g3 Rf8 27. Rc3 Re8 28.
Ra3 Rb4 29. b3 Rf8 30. Ke2 Kg7 31. Rh1 Rbb8 32. Ne3 Rb7 33. Rh2 Rbb8 34. Ra4
Rb7 35. Rh1 Nf6 36. Rh4 Nh5 37. Nc2 Nf6 38. Ne1 Nh5 39. Nd3 Nf6 40. Rh1 Re8 41.
Rb1 Nd7 42. Kd1 Kf6 43. Kc2 Reb8 44. Rh1 Kg7 45. Rh4 Re8 46. Ra1 Re7 47. Kc3
Kg8 48. f4 Rb6 49. Rah1 Ne8 50. Re1 Nef6 51. Rhh1 Rb8 52. Rhf1 Ng4 53. Re2 Rb6
54. Nf3 Rb7 55. Ra1 Rb6 56. Ra5 h6 57. Ra1 Kg7 58. Rh1 Re8 59. Rh4 Ngf6 60.
fxe5 dxe5 61. Rh1 Ng4 62. Ra1 Rf8 63. Nd2 Rfb8 64. Ra5 Rc8 65. Re1 Ngf6 66.
Rea1 Nh5 67. Rxa6 Nxg3 68. Ra7 Ne2+ 69. Kb2 Rd6 70. Nxe5 Rd8 71. Nc6 1-0

[Event "Hastings Masters"]
[Site "Hastings"]
[Date "2008.01.05"]
[Round "9.19"]
[White "Bates, Richard"]
[Black "Goodger, Martyn"]
[Result "0-1"]
[WhiteElo "2378"]
[BlackElo "2067"]
[PlyCount "68"]
[EventDate "2007.12.28"]
[SourceDate "2007.12.28"]

1. d4 f5 2. Bg5 g6 3. Nd2 Bg7 4. e3 Nf6 5. h4 Nc6 6. Bc4 d5 7. Bb5 O-O 8. Nh3
Qd6 9. Nf4 e5 10. dxe5 Nxe5 11. h5 Nfg4 12. hxg6 hxg6 13. c3 Bd7 14. Be2 Rae8
15. Qb3 c6 16. c4 Nf7 17. Nf3 dxc4 18. Bxc4 b5 19. Bxf7+ Rxf7 20. Rd1 Qc7 21.
Nxg6 Be6 22. Qa3 Bc4 23. Nd2 Nxe3 24. Bxe3 b4 25. Nxc4 bxa3 26. O-O Rxe3 27.
fxe3 axb2 28. Nf4 Qe7 29. Rd6 Qe4 30. Rd8+ Kh7 31. Nd2 Qxe3+ 32. Kh1 Be5 33.
Nh3 Bc7 34. Nc4 Qg3 0-1

[Event "Hastings Masters"]
[Site "Hastings"]
[Date "2008.01.05"]
[Round "9.20"]
[White "Rudd, Jack"]
[Black "Gibson, Christopher A"]
[Result "1-0"]
[WhiteElo "2332"]
[BlackElo "2032"]
[PlyCount "55"]
[EventDate "2007.12.28"]
[SourceDate "2007.12.28"]

1. e4 c5 2. Nf3 d6 3. Nc3 Nf6 4. e5 dxe5 5. Nxe5 a6 6. g3 Nbd7 7. d4 Nxe5 8.
dxe5 Qxd1+ 9. Nxd1 Nd5 10. Ne3 Nxe3 11. Bxe3 e6 12. Bg2 Be7 13. O-O-O O-O 14.
Rd3 Rd8 15. Rxd8+ Bxd8 16. Bxc5 Bc7 17. Rd1 h6 18. f4 f6 19. Bd6 Bd8 20. c4 Kf7
21. c5 fxe5 22. fxe5 Be7 23. c6 b5 24. Rf1+ Ke8 25. c7 Bxd6 26. exd6 Ra7 27.
Bc6+ Bd7 28. c8=R# 1-0

[Event "Hastings Masters"]
[Site "Hastings"]
[Date "2008.01.05"]
[Round "9.21"]
[White "Marusenko, Petr"]
[Black "Prosviriakov, Vladimir"]
[Result "1/2-1/2"]
[WhiteElo "2304"]
[BlackElo "2319"]
[PlyCount "29"]
[EventDate "2007.12.28"]
[SourceDate "2007.12.28"]

1. d4 d5 2. c4 c6 3. cxd5 cxd5 4. Nc3 Nf6 5. Nf3 e6 6. Bf4 Bd6 7. Bxd6 Qxd6 8.
e3 Nc6 9. Bd3 O-O 10. O-O a6 11. Rc1 b5 12. a4 b4 13. Nb1 Bb7 14. Nbd2 Rac8 15.
Nb3 1/2-1/2

[Event "Hastings Masters"]
[Site "Hastings"]
[Date "2008.01.05"]
[Round "9.22"]
[White "Huizer, Mark"]
[Black "Formanek, Edward W"]
[Result "1-0"]
[WhiteElo "2201"]
[BlackElo "2276"]
[PlyCount "69"]
[EventDate "2007.12.28"]
[SourceDate "2007.12.28"]

1. Nf3 c5 2. g3 Nc6 3. d4 cxd4 4. Nxd4 g6 5. Bg2 Bg7 6. Nb3 Nf6 7. O-O d5 8.
Nc3 e6 9. e4 dxe4 10. Nxe4 Nxe4 11. Bxe4 Qc7 12. c3 O-O 13. Qe2 e5 14. Be3 b6
15. f4 Bd7 16. Rad1 Rac8 17. f5 gxf5 18. Rxd7 Qxd7 19. Bxf5 Qd6 20. Qh5 h6 21.
Bxc8 Rxc8 22. Qxf7+ Kh8 23. Qh5 Rd8 24. Nd2 Rf8 25. Rxf8+ Qxf8 26. Ne4 Kg8 27.
Qg4 Kh8 28. Nf2 Ne7 29. Qe4 Nf5 30. Ng4 Nd6 31. Qd5 Qf5 32. Nxh6 Qb1+ 33. Kg2
Qxb2+ 34. Kh3 Qxc3 35. Qg8# 1-0

[Event "Hastings Masters"]
[Site "Hastings"]
[Date "2008.01.05"]
[Round "9.23"]
[White "Knott, Simon JB"]
[Black "Cafferty, Bernard"]
[Result "1/2-1/2"]
[WhiteElo "2366"]
[BlackElo "2192"]
[PlyCount "48"]
[EventDate "2007.12.28"]
[SourceDate "2007.12.28"]

1. Nf3 Nf6 2. c4 c5 3. Nc3 Nc6 4. g3 g6 5. Bg2 Bg7 6. d4 cxd4 7. Nxd4 O-O 8.
O-O Ng4 9. e3 d6 10. b3 Nxd4 11. exd4 Nh6 12. Bb2 Rb8 13. a4 Nf5 14. Nd5 e6 15.
Nb4 Bd7 16. Qd2 a5 17. Nc2 Bc6 18. Ne3 Nxe3 19. Qxe3 Qc7 20. Rac1 Rfe8 21. Rfd1
b6 22. Bxc6 Qxc6 23. d5 exd5 24. cxd5 Qd7 1/2-1/2

[Event "Hastings Masters"]
[Site "Hastings"]
[Date "2008.01.05"]
[Round "9.24"]
[White "Radovanovic, Jovica"]
[Black "Fruteau, Sabine"]
[Result "1-0"]
[WhiteElo "2355"]
[BlackElo "2169"]
[PlyCount "107"]
[EventDate "2007.12.28"]
[SourceDate "2007.12.28"]

1. e4 e5 2. Nf3 Nc6 3. Bb5 a6 4. Ba4 Nf6 5. O-O b5 6. Bb3 Be7 7. Re1 O-O 8. c3
d6 9. h3 Re8 10. d4 Bf8 11. Nbd2 Na5 12. Bc2 c5 13. Nf1 Bb7 14. d5 Nd7 15. Ne3
g6 16. b4 cxb4 17. cxb4 Nc4 18. Nxc4 bxc4 19. Re3 Qc7 20. Rc3 Nb6 21. Be3 Rec8
22. Rb1 Bg7 23. a4 a5 24. Nd2 axb4 25. Rxb4 Nd7 26. Rbxc4 Qa5 27. Qb1 Rcb8 28.
Qb4 Bf8 29. Qxa5 Rxa5 30. Rc7 Nc5 31. Nb3 Rxa4 32. Nxc5 Ra1+ 33. Kh2 dxc5 34.
Rb3 Ra7 35. Bxc5 Bxc5 36. Rxc5 Kg7 37. Rc7 Bxd5 38. Rxf7+ Rxf7 39. Rxb8 Rxf2
40. exd5 Rxc2 41. Rb7+ Kf6 {(=)} 42. Rxh7 e4 43. d6 Rd2 44. d7 Ke6 45. Kg3 g5
46. Rh5 Kf6 47. Rh6+ Kf5 48. Rh7 Ke6 49. Rh8 Rxd7 50. Kg4 Kf6 51. Ra8 Re7 52.
Ra5 Re5 {remaining moves illegible} 53. Ra4 Re6 54. Ra1 1-0

[Event "Hastings Masters"]
[Site "Hastings"]
[Date "2008.01.05"]
[Round "9.25"]
[White "Afek, Yochanan"]
[Black "Hagesaether, Arne"]
[Result "0-1"]
[WhiteElo "2349"]
[BlackElo "2153"]
[PlyCount "60"]
[EventDate "2007.12.28"]
[SourceDate "2007.12.28"]

1. e4 c6 2. d4 d5 3. exd5 cxd5 4. c4 Nf6 5. Nc3 Nc6 6. Nf3 Bg4 7. cxd5 Nxd5 8.
Qb3 Bxf3 9. gxf3 Nb6 10. d5 Nd4 11. Qd1 e5 12. dxe6 fxe6 13. Be3 Bc5 14. Bg2
Qh4 15. Ne4 Bb4+ 16. Kf1 Nf5 17. Bg5 Qh5 18. Qb3 Nd5 19. a3 h6 20. Bf6 O-O 21.
axb4 gxf6 22. Ng3 Nd4 23. Qd3 Qh4 24. Re1 f5 25. Rxe6 Nxe6 26. Qxd5 Qf6 27. Bh3
Rad8 28. Qb3 Kh8 29. Rg1 Nf4 30. Bxf5 Qa6+ 0-1

[Event "Hastings Masters"]
[Site "Hastings"]
[Date "2008.01.05"]
[Round "9.26"]
[White "Mansson, James"]
[Black "Zozulia, Anna"]
[Result "0-1"]
[WhiteElo "2161"]
[BlackElo "2343"]
[PlyCount "62"]
[EventDate "2007.12.28"]
[SourceDate "2007.12.28"]

1. Nf3 Nf6 2. c4 g6 3. Nc3 Bg7 4. e4 d6 5. d4 O-O 6. Be2 e5 7. O-O Nc6 8. d5
Ne7 9. b4 Nh5 10. Re1 a5 11. bxa5 Rxa5 12. Nd2 Nf4 13. Bf1 c5 14. Nb3 Ra6 15.
a4 Nh5 16. Ra3 f5 17. exf5 Nxf5 18. Ne4 Nf6 19. Bg5 Qe8 20. Bxf6 Bxf6 21. f4
Bg7 22. fxe5 Bxe5 23. a5 Qe7 24. g3 b6 25. Qc1 bxa5 26. Nxa5 Qg7 27. Nc6 Bb2
28. Rxa6 Bxc1 29. Ra7 Qb2 30. Re2 Be3+ 31. Kg2 Qb1 0-1

[Event "Hastings Masters"]
[Site "Hastings"]
[Date "2008.01.05"]
[Round "9.27"]
[White "Pickersgill, Adrian"]
[Black "Thompson, Ian D"]
[Result "0-1"]
[WhiteElo "2088"]
[BlackElo "2309"]
[PlyCount "64"]
[EventDate "2007.12.28"]
[SourceDate "2007.12.28"]

1. e4 e6 2. d4 d5 3. Nd2 Nf6 4. e5 Nfd7 5. Bd3 c5 6. c3 Nc6 7. Ne2 cxd4 8. cxd4
f6 9. exf6 Qxf6 10. Nf3 h6 11. O-O Bd6 12. Be3 O-O 13. Rc1 Rf7 14. Bb1 Nf8 15.
Ng3 Bd7 16. Re1 Be8 17. a3 Rd7 18. Rc3 Bg6 19. Bxg6 Nxg6 20. Qc2 Rf8 21. b4 Bb8
22. Rc1 e5 23. dxe5 Ngxe5 24. Bc5 Rff7 25. b5 Na5 26. Nxe5 Bxe5 27. Rf3 Qd8 28.
Rxf7 Rxf7 29. Qe2 Nb3 30. Re1 Bxg3 31. Be7 Bxf2+ 32. Kh1 Qd7 0-1

[Event "Hastings Masters"]
[Site "Hastings"]
[Date "2008.01.05"]
[Round "9.28"]
[White "Foord, Dominic"]
[Black "Hasan, Mehdi"]
[Result "0-1"]
[WhiteElo "2004"]
[BlackElo "2287"]
[PlyCount "68"]
[EventDate "2007.12.28"]
[SourceDate "2007.12.28"]

1. d4 d5 2. c4 dxc4 3. Nf3 Nf6 4. e3 e6 5. Bxc4 a6 6. O-O b5 7. Bb3 c5 8. a4 b4
9. e4 cxd4 10. e5 Nfd7 11. Qxd4 Nc5 12. Qxb4 Nbd7 13. Ba2 Qc7 14. Qf4 Be7 15.
Nc3 Bb7 16. Rd1 O-O 17. b4 Bxf3 18. Qxf3 Nb7 19. Qg3 Bxb4 20. Bb2 Nbc5 21. Rac1
Qxe5 22. Qg4 Rab8 23. Ba1 Nf6 24. Qh4 Qh5 25. Qg3 Bxc3 26. Qxc3 Rfd8 27. Rd4
Rxd4 28. Qxd4 Ncd7 29. f3 Qa5 30. Qh4 Qd2 31. Qc4 Nd5 32. Bd4 h6 33. Bb1 Nf4
34. Bf2 Qxc1+ 0-1

[Event "Hastings Masters"]
[Site "Hastings"]
[Date "2008.01.05"]
[Round "9.29"]
[White "Grant, Alan"]
[Black "Canonne, Antoine"]
[Result "1-0"]
[WhiteElo "2251"]
[BlackElo "2059"]
[PlyCount "67"]
[EventDate "2007.12.28"]
[SourceDate "2007.12.28"]

1. Nf3 Nc6 2. d4 d5 3. e3 Bf5 4. Bb5 e6 5. c4 Bb4+ 6. Kf1 dxc4 7. Qa4 Bd3+ 8.
Kg1 Bd6 9. Nbd2 Nge7 10. Nxc4 Bxc4 11. Bxc4 O-O 12. Bd2 Nf5 13. Rd1 a6 {(=)}
14. Bd3 Nb8 15. h4 Be7 16. Qc2 Nd7 17. g4 Nh6 18. Bxh7+ Kh8 19. g5 Ng4 20. Be4
c6 21. Ne1 f5 22. Bg2 Bd6 23. Nd3 Qc7 24. Nf4 Rae8 25. f3 Nh6 26. gxh6 Rg8 27.
h7 Kxh7 28. Kf2 Nf6 29. Nh3 Bg3+ 30. Ke2 Nh5 31. Ng5+ Kg6 32. f4 Rh8 33. Bf3
Nf6 34. Rdg1 1-0

[Event "Hastings Masters"]
[Site "Hastings"]
[Date "2008.01.05"]
[Round "9.31"]
[White "O'Toole, George E"]
[Black "Lock, Gavin R"]
[Result "0-1"]
[WhiteElo "1987"]
[BlackElo "2215"]
[PlyCount "72"]
[EventDate "2007.12.28"]
[SourceDate "2007.12.28"]

1. c4 e6 2. g3 f5 3. Bg2 Nf6 4. d4 Be7 5. Nf3 O-O 6. O-O d6 7. Nc3 Ne4 8. Bd2
Bf6 9. Qc2 Nxd2 10. Qxd2 e5 11. dxe5 dxe5 12. Qd5+ Qxd5 13. Nxd5 Na6 14. Nxf6+
gxf6 15. Nh4 c6 16. Bh3 Rd8 17. Rad1 Be6 18. b3 Nb4 19. a4 Na6 20. Bxf5 Bxf5
21. Nxf5 Nc5 22. Rd6 Rxd6 23. Nxd6 a5 24. Rd1 Rd8 25. Rd2 Nxb3 26. Rb2 Nc5 27.
Nf5 Rd7 28. Kg2 Kf7 29. g4 Nxa4 30. Ra2 b5 31. cxb5 cxb5 32. Ne3 Ra7 33. Nc4
Ke6 34. Na3 Nc3 35. Rb2 b4 36. Nc2 Nxe2 0-1

[Event "Hastings Masters"]
[Site "Hastings"]
[Date "2008.01.05"]
[Round "9.32"]
[White "Cumming, Rhys"]
[Black "Norinkeviciute, Rasa"]
[Result "1/2-1/2"]
[WhiteElo "1845"]
[BlackElo "2064"]
[PlyCount "73"]
[EventDate "2007.12.28"]
[SourceDate "2007.12.28"]

1. e4 g6 2. d4 d6 3. Nc3 Bg7 4. Be3 a6 5. Nf3 Nd7 6. Bd3 b5 7. a4 b4 8. Ne2 c5
9. c3 bxc3 10. bxc3 Qc7 11. O-O Ngf6 12. h3 O-O 13. Qd2 Bb7 14. Ng3 Rfc8 15.
Bh6 cxd4 16. Bxg7 Kxg7 17. cxd4 e5 18. dxe5 dxe5 19. Qg5 Kh8 20. h4 Qd6 21.
Rfd1 Qe6 22. h5 Nxh5 23. Nxh5 gxh5 24. Qxh5 f6 25. Qh6 Nc5 26. Rab1 Rab8 27.
Qh4 Nxa4 28. Rdc1 Rxc1+ 29. Rxc1 Rc8 30. Rxc8+ Bxc8 31. Qh6 Qe7 32. Nh4 Qg7 33.
Ng6+ Qxg6 34. Qf8+ Qg8 35. Qxf6+ Qg7 36. Qd8+ Qg8 37. Qf6+ 1/2-1/2

[Event "Hastings Masters"]
[Site "Hastings"]
[Date "2008.01.05"]
[Round "9.33"]
[White "Ledger, David"]
[Black "Wilson, Alexandra"]
[Result "1-0"]
[WhiteElo "2266"]
[BlackElo "2061"]
[PlyCount "127"]
[EventDate "2007.12.28"]
[SourceDate "2007.12.28"]

1. e4 e6 2. d4 d5 3. Nc3 Nf6 4. Bg5 Be7 5. e5 Nfd7 6. h4 c5 7. Bxe7 Kxe7 8. Qg4
Kf8 9. Nf3 Nc6 10. Qf4 a6 11. O-O-O b5 12. Rh3 cxd4 13. Ne2 Qc7 14. Nexd4 Ndxe5
15. Kb1 Ra7 16. Ng5 Nxd4 17. Qxd4 h6 18. Rc3 Nc4 19. Nf3 Qe7 20. Ne5 Rc7 21.
Bxc4 bxc4 22. Rf3 Qb4 23. c3 Qa4 24. Re1 Kg8 25. Qf4 f6 26. Ng6 e5 27. Qd2 Kh7
28. Nxh8 Kxh8 29. Qxd5 Rd7 30. b3 cxb3 31. axb3 Qa3 32. Qc4 Rd2 33. Qxc8+ Kh7
34. Qf5+ g6 35. Qc2 Rxc2 36. Kxc2 Qa2+ 37. Kd3 Qxb3 38. Rxf6 Qb5+ 39. Kc2 Qa4+
40. Kb2 Qxh4 41. Rf3 e4 42. Rg3 Qf4 {(=)} 43. Re2 Qe5 44. Rge3 Qb5+ 45. Kc1 Qc4
46. g3 a5 47. Rd2 h5 48. Kd1 a4 49. Rc2 Qf1+ 50. Re1 Qc4 51. Ree2 a3 52. Ke1
Kh6 53. Kf1 Kg5 54. Kg2 Kf5 55. Ra2 e3 56. fxe3 Kg4 57. e4 Qxc3 58. e5 Qxg3+
59. Kh1 Qf3+ 60. Kg1 h4 61. e6 h3 62. e7 h2+ 63. Kxh2 Qh3+ 64. Kg1 1-0

[Event "Hastings Masters"]
[Site "Hastings"]
[Date "2008.01.05"]
[Round "9.35"]
[White "Jackson, Oliver"]
[Black "Coates, David H"]
[Result "1-0"]
[WhiteElo "2219"]
[BlackElo "2029"]
[PlyCount "113"]
[EventDate "2007.12.28"]
[SourceDate "2007.12.28"]

1. e4 c5 2. Nc3 Nc6 3. f4 g6 4. Nf3 Bg7 5. Bb5 Nd4 6. O-O Nxb5 7. Nxb5 d5 8.
exd5 a6 9. Nc3 Nf6 10. d4 Nxd5 11. dxc5 Nxc3 12. Qxd8+ Kxd8 13. bxc3 Bxc3 14.
Rb1 Kc7 15. Rb3 Bf6 16. Bd2 Be6 17. Ba5+ Kc6 18. Rb6+ Kxc5 19. Nd2 Bd5 20. c4
Bc6 21. Rd1 Kd6 22. Ne4+ Kc7 23. Rb2+ b6 24. Rxb6 Bxe4 25. Rxf6+ Kc8 26. Rxf7
Rb8 27. Rxe7 Rb1 28. Rxb1 Bxb1 29. a3 Kb8 30. c5 Rc8 31. Bb6 h5 32. Kf2 Rc6 33.
Ke3 Ba2 34. f5 Bd5 35. g3 gxf5 36. Rh7 Re6+ 37. Kf4 Re2 38. Rxh5 Be4 39. a4
Rf2+ 40. Ke5 Re2 41. Kf6 Ra2 42. a5 Rg2 43. c6 Bxc6 44. Kxf5 Bb5 45. Kf4 Kc8
46. Rh7 Bd3 47. Rc7+ Kb8 48. h4 Rh2 49. Re7 Kc8 50. Kg5 Rb2 51. Rc7+ Kb8 52. g4
Rg2 53. Rd7 Bc4 54. Rd4 Be6 55. h5 Bb3 56. h6 Bc2 57. h7 1-0

[Event "Hastings Masters"]
[Site "Hastings"]
[Date "2008.01.05"]
[Round "9.36"]
[White "Adair, James"]
[Black "Fryer, David"]
[Result "0-1"]
[WhiteElo "2044"]
[BlackElo "2065"]
[PlyCount "132"]
[EventDate "2007.12.28"]
[SourceDate "2007.12.28"]

1. e4 e5 2. Nf3 Nc6 3. Bb5 a6 4. Ba4 Nf6 5. Qe2 b5 6. Bb3 Be7 7. O-O O-O 8. c3
d6 9. Rd1 Bg4 10. h3 Bh5 11. d3 Na5 12. Bc2 c5 13. Nbd2 Qc7 14. Nf1 Nc6 15. Ng3
Bg6 16. Nh4 Bd8 17. Nhf5 Bxf5 18. Nxf5 Ne7 19. g4 Ne8 20. Kh2 Ng6 21. Qf3 Ra7
22. Be3 Rb7 23. Qg3 Kh8 24. h4 Rg8 25. g5 Nf8 26. Rg1 Ne6 27. h5 g6 28. Nh6 Rf8
29. f4 N8g7 30. fxe5 Nxh5 31. exd6 Qd7 32. Qf3 Qxd6+ 33. Kh1 Rd7 34. Bb3 Bc7
35. Rg2 Nef4 36. Rd2 Ne2 37. Rxe2 Ng3+ 38. Kg1 Nxe2+ 39. Qxe2 Qg3+ 40. Kf1 f6
41. Bxc5 Rxd3 42. Qg4 fxg5+ 43. Bf7 Qxg4 44. Nxg4 Rxf7+ 45. Ke2 Rfd7 46. e5
Rd2+ 47. Ke3 Rg2 48. e6 Bf4+ 49. Kf3 Rg3+ 50. Ke4 Rd2 51. Bd4+ Rxd4+ 52. cxd4
Rxg4 53. Kd5 Kg7 54. Re1 Kf8 55. e7+ Ke8 56. Ke6 Bd2 57. Re2 Bb4 58. d5 Bxe7
59. d6 Bxd6 60. Kxd6+ Kf8 61. Ke6 Kg7 62. Rc2 Re4+ 63. Kd5 Re7 64. Kd6 Rf7 65.
Rg2 Rf5 66. Ke6 h5 0-1

[Event "Hastings Masters"]
[Site "Hastings"]
[Date "2008.01.05"]
[Round "9.38"]
[White "Uche, Enyi"]
[Black "Lyell, Mark"]
[Result "0-1"]
[WhiteElo "1000"]
[BlackElo "2197"]
[PlyCount "67"]
[EventDate "2007.12.28"]
[SourceDate "2007.12.28"]

1. e4 e5 2. Nf3 Nc6 3. Bb5 f5 4. Nc3 fxe4 5. Nxe4 Nf6 6. Qe2 d5 7. Nxf6+ gxf6
8. Nxe5 fxe5 9. Qh5+ Kd7 10. O-O Qe8 11. Qd1 Rg8 12. d4 exd4 13. c4 Kd8 14.
cxd5 Qe4 15. f3 Qxd5 16. Bd3 Bf5 17. Bf4 Bd6 18. Bxd6 cxd6 19. b4 Rc8 20. b5
Nb4 21. Bxf5 Qxf5 22. Qxd4 Qc5 23. Rad1 Kd7 24. a4 Nc2 25. Qxc5 Rxc5 26. Rd3 d5
27. f4 d4 28. f5 Ne3 29. Rxd4+ Kc8 30. g3 Nxf1 31. Kxf1 Rxf5+ 32. Kg2 h5 33.
Kg1 Rg4 34. Kg2 0-1

[Event "Hastings Masters"]
[Site "Hastings"]
[Date "2008.01.05"]
[Round "9.39"]
[White "Kreiter, Thomas"]
[Black "Dickson, George"]
[Result "0-1"]
[WhiteElo "1749"]
[BlackElo "2160"]
[PlyCount "114"]
[EventDate "2007.12.28"]
[SourceDate "2007.12.28"]

1. Nf3 f5 2. d4 g6 3. e3 Nf6 4. b3 Bg7 5. Bc4 c6 6. a4 Ne4 7. Bb2 d5 8. Be2 Na6
9. O-O Nc7 10. Re1 O-O 11. Bf1 f4 12. Nbd2 fxe3 13. Rxe3 Bh6 14. Re1 Nxd2 15.
Nxd2 Qd6 16. Ba3 Qf6 17. Bxe7 Qxf2+ 18. Kh1 Bg4 19. Be2 Bxd2 20. Qxd2 Rf7 21.
Bd6 Re8 22. Be5 Ne6 23. Rad1 Bxe2 24. Qxe2 Qxe2 25. Rxe2 Nxd4 26. Red2 Nxb3 27.
cxb3 Rxe5 28. Kg1 Re3 29. b4 Re4 30. Rd4 Rff4 31. Rxe4 Rxe4 32. b5 Rxa4 33.
bxc6 bxc6 34. Rc1 Rc4 35. Ra1 Kg7 36. Rxa7+ Kf6 37. Rxh7 Rc2 38. Rd7 Ke6 39.
Rg7 Kf5 40. g4+ Kg5 41. h4+ Kxg4 42. Rxg6+ Kxh4 43. Rg8 d4 44. Rd8 c5 45. Kf1
Kg4 46. Ke1 Kf4 47. Rf8+ Ke3 48. Kd1 Rf2 49. Re8+ Kd3 50. Ke1 Rf3 51. Ra8 c4
52. Ra2 c3 53. Ra3 Rh3 54. Kf2 Rh1 55. Rb3 Kd2 56. Ra3 c2 57. Ra2 Kd1 0-1